| 000 | 00795nam a2200253 a 4500 | ||
|---|---|---|---|
| 001 | 51246 | ||
| 003 | BD-RjUL | ||
| 005 | 20211209075630.0 | ||
| 008 | 880808r19801979enka 000 0 eng | ||
| 020 | _a0713127295 | ||
| 035 | _a(BD-RjUL)51366 | ||
| 040 |
_aBD-RjUL _beng _cBD-RjUL _dBD-RjUL |
||
| 041 | _aeng | ||
| 082 |
_223 _a519.5024574 _bPAI 1980 |
||
| 100 | 1 |
_aParker, R. E. _q(Reginald Ernest) _9153302 |
|
| 245 | 1 | 0 |
_aIntroductory statistics for biology / _cR.E. Parker. |
| 250 | _a2nd ed. | ||
| 260 |
_aLondon : _bEdward Arnold, _c1979 [reprinted 1980]. |
||
| 300 |
_avi, 122 p. : _bill. ; _c22 cm. |
||
| 490 | 1 |
_aInstitute of Biology's studies in biology ; _v43 |
|
| 650 | 0 |
_aBiometry. _9153303 |
|
| 830 | 0 |
_aInstitute of Biology's studies in biology ; _v43 _9134943 |
|
| 942 |
_2ddc _cBK |
||
| 999 |
_c51246 _d51246 |
||